Edipo rey (Registro nro. 5765)

Detalles MARC
000 - LÍDER
campo de control de longitud fija 01187nam a2200349Ia 4500
005 - FECHA Y HORA DE LA ÚLTIMA TRANSACCIÓN
campo de control 20210727153316.0
008 - ELEMENTOS DE DATOS DE LONGITUD FIJA - INFORMACIÓN GENERAL
campo de control de longitud fija 160601s2005 ck g 000 0 spa
020 ## - INTERNATIONAL STANDARD BOOK NUMBER
International Standard Book Number 9972895114
040 ## - FUENTE DE CATALOGACIÓN
Agencia de catalogación original CO-BoRNBP
Lenguaje de catalogación spa
Descripción convenciones rda
Agencia de transcripción CO-BoRNBP
084 ## - OTRO NÚMERO DE CLASIFICACIÓN
Número de clasificación T SOF1
100 1# - ENTRADA PRINCIPAL - NOMBRE PERSONAL
Nombre de la persona Sófocles
Fechas asociadas a un nombre 496-406 a.C.
245 10 - TÍTULO DECLARACIÓN
Título Edipo rey
Declaración de responsabilidad Sófocles ; traducción Ciro Alegría Varona
250 ## - DECLARACIÓN DE EDICIÓN
Sentencia de edición 1a. edición
264 ## - AVISO DE PRODUCCIÓN, PUBLICACIÓN, DISTRIBUCIÓN, FABRICACIÓN Y DERECHOS DE AUTOR
Lugar de producción Bogotá
Nombre del productor Norma
Fecha de producción 2005
300 ## - DESCRIPCIÓN FÍSICA
Alcance 97, 51 páginas
Dimensiones 21 cm
336 ## - TIPO DE CONTENIDO
Tipo de contenido texto
Código de tipo de contenido txt
Fuente rdacontent
337 ## - TIPO DE MEDIO
Término del tipo de medio sin mediación
Código de tipo de medio n
Fuente rdamedia
338 ## - TIPO DE PORTADOR
Término del tipo de operador volumen
Código de tipo de operador nc
Fuente rdacarrier
490 ## - DECLARACIÓN EN SERIE
Estado de cuenta de la serie Cara y cruz
500 ## - NOTA GENERAL
Nota general Incluye cronología
505 ## - NOTA DE CONTENIDO FORMATEADA
Nota sobre el contenido formateado Estructura de la tragedia -- Edipo rey, la pasión por la justicia
534 ## - NOTA DE VERSIÓN ORIGINAL
Declaración de título del original Oedipus rex
600 14 - ENTRADA DE SUJETO AÑADIDO - NOMBRE PERSONAL
Nombre de la persona Sófocles
Fechas asociadas a un nombre 496-406 a.C.
Subdivisión general Crítica e interpretación
9 (RLIN) 52924
600 14 - ENTRADA DE SUJETO AÑADIDO - NOMBRE PERSONAL
Nombre de la persona Sófocles
Fechas asociadas a un nombre 496-406 a.C.
Subdivisión general Cronología
9 (RLIN) 52925
650 14 - ENTRADA DE SUJETO AÑADIDO - TÉRMINO TÓPICO
Fuente del título o término LEMB
Término tópico o elemento de entrada del nombre geográfico Teatro griego
650 14 - ENTRADA DE SUJETO AÑADIDO - TÉRMINO TÓPICO
Fuente del título o término LEMB
Término tópico o elemento de entrada del nombre geográfico Literatura griega
650 14 - ENTRADA DE SUJETO AÑADIDO - TÉRMINO TÓPICO
Fuente del título o término LEMB
Término tópico o elemento de entrada del nombre geográfico Tragedia en la literatura
650 14 - ENTRADA DE SUJETO AÑADIDO - TÉRMINO TÓPICO
Fuente del título o término LEMB
Término tópico o elemento de entrada del nombre geográfico Drama en la literatura
700 1# - ENTRADA AGREGADA - NOMBRE PERSONAL
Nombre de la persona Alegría Varona, Ciro
Fechas asociadas a un nombre 1909-1967
Término del Relator traductor
740 ## - ENTRADA AGREGADA - TÍTULO RELACIONADO / ANALÍTICO NO CONTROLADO
Título relacionado/analítico no controlado Sófocles : vida y obra
942 ## - ELEMENTOS DE ENTRADA AGREGADOS (KOHA)
Fuente de clasificación o esquema de estanterías
Tipo de artículo Koha Literartura
Existencias
Estado de retirada Pérdida de estatus Fuente de clasificación o esquema de estanterías Estado dañado No para préstamo Código de recogida Ubicación permanente Ubicación actual Ubicación de las estanterías Fecha de adquisición Fuente de adquisición Total de Cajas Número Topográfico Código de barras Precio efectivo desde Número de copia Fecha de la última vez que se vio Tipo de artículo Koha
    Dewey Decimal Classification     General Biblioteca Pública Municipal Francisco Jaramillo Ochoa Biblioteca Pública Municipal Francisco Jaramillo Ochoa Área General 05/01/2024 DOTACIÓN MINISTERIO DE CULTURA   T SOF1 LAVI10-4053 05/01/2024 Ej. 1 05/01/2024 Literartura
    Dewey Decimal Classification     General Biblioteca Pública Municipal José Eusebio Caro Biblioteca Pública Municipal José Eusebio Caro Área General 31/01/2024 Biblioteca Nacional de Colombia BNC   T SOF1 SANP16 - 1841 31/01/2024 Ej.1 31/01/2024 Literartura
    Dewey Decimal Classification     General Biblioteca Pública Municipal Juan XXIII Biblioteca Pública Municipal Juan XXIII Área General 05/12/2023 Ministerio de cultura   T SOF1 BAL02-2924 05/12/2023 Ej. 1 05/12/2023 Literartura
    Dewey Decimal Classification     General Biblioteca Pública Municipal de Guática Biblioteca Pública Municipal de Guática Área General 30/01/2025 Dotacion Ministerio de Cultura   T SOF1 GUA07-2564 30/01/2025 Ej. 1 30/01/2025 Literartura